A textbook on business laws / (Record no. 138583)

MARC details
000 -LEADER
fixed length control field 00601nam a22001937a 4500
005 - DATE AND TIME OF LATEST TRANSACTION
control field 20170330171732.0
010 ## - LCCN (DPL NO)
LC control number ENG-117659
020 ## - INTERNATIONAL STANDARD BOOK NUMBER
International Standard Book Number 9788184845907
Terms of availability 750.00
035 ## - SYSTEM CONTROL NUMBER
System control number EN-101191
037 ## - SOURCE OF ACQUISITION
Source of stock number/acquisition DABD/PUB
082 ## - DEWEY DECIMAL CLASSIFICATION NUMBER
Classification number 346.5407
100 ## - MAIN ENTRY--PERSONAL NAME
Personal name Soni,Anita
245 ## - TITLE STATEMENT
Title A textbook on business laws /
Statement of responsibility, etc by Anita Soni [and] Meenu
260 ## - PUBLICATION, DISTRIBUTION, ETC. (IMPRINT)
Place of publication, distribution, etc New Delhi
Name of publisher, distributor, etc Regal Publication
Date of publication, distribution, etc 2016
270 ## - ADDRESS
Address F-159, Rajouri Garden,
City New Delhi
Postal code 110027
300 ## - PHYSICAL DESCRIPTION
Extent x,185p.:
Dimensions 22cm(Hb)
Other physical details ill
500 ## - GENERAL NOTE
General note Includes bibliographical references and Index
942 ## - ADDED ENTRY ELEMENTS (KOHA)
Source of classification or shelving scheme Dewey Decimal Classification
Item type English Books
Classification part 338.47664
Call number suffix SON
Holdings
Withdrawn status Lost status Not for loan Collection code Home library Current library Date acquired Source of acquisition Cost, normal purchase price Full call number Barcode Copy number Cost, replacement price Koha item type
    Not For Loan Non-fiction D.B.Act.Division D.B.Act.Division 30/03/2017 DBAD/PUB 750.00 338.47664 SON EN-101191 1 750.00 English Books

© Delhi Public Library
Hit Counter
free hit counter